000 00495 a2200157 4500
999 _c535
_d535
008 221010b ||||| |||| 00| 0 eng d
020 _a9780824779986
082 0 0 _a620.1122
_bS4133
245 _aCorrosion ad corrosion protection handbook /
_cedited by Philip. A. Schweitzer
250 _a2nd ed., rev., extended ed.
260 _aNew York:
_bMarcel Dekker,
_c1989.
300 _axviii, 660 p.
650 0 _aTests of Materials
700 _95287
_aSchweitzer, Philip. A.
_eeditor
942 _2ddc
_cBK